000 00237nam a2200109Ia 4500
008 190216s9999||||xx |||||||||||||| ||und||
100 _aBhar B K
245 0 _aCost Accounting
260 _bKalyani Pub
_c1978
300 _a780p
942 _cBK
999 _c4044
_d4044